Responses for Show #5401 - Monday, February 18, 2008

2008-A Teen Tournament semifinal game 1.

Contestants

[<< previous game]

Rachel "Steve" Cooke, a senior from Fishers, Indiana

Melissa Luttmann, a freshman from Memphis, Tennessee

Will Casper, a senior from Basin City, Washington

[next game >>]

Jeopardy! Round responses

AMERICAN LITERATURE
THEME PARK FUN
EAT IT, WEAR IT OR PLAY IT
BODIES OF WATER
BE A SPORT
THAT'S SO CLICHE!
    $200 2
The Scarlet Letter

"Steve"
    $200 26
Knott's Berry Farm

"Steve"
    $200 20
play it

Will
    $200 9
the Mississippi River

Melissa
    $200 1
hockey

"Steve"
    $200 14
a paddle

Melissa
    $400 3
The Color Purple

"Steve"
    $400 27
a roller coaster

Melissa
    $400 22
eat it

"Steve"
    $400 10
the Amazon

Will
    $400 5
tennis

Melissa
    $400 15
(Alex: Heh, yes, you're right! That was fairly obvious. That was a skeleton of mine, actually.)

a skeleton in the closet

Melissa
    $600 4
Stephen Crane

Will
    $600 28
a carousel (or a merry-go-round)

Melissa
    $600 23
play it

Will
    $600 11
Lake Victoria

"Steve"
    $600 6
basketball

Will
    $600 16
possession

Will
    $1,000 12
The Sound and the Fury

"Steve"
    $800 29
Universal Studios

Will
    $800 24
wear it

Melissa
    $800 17
Puget Sound

Melissa
    $800 7
volleyball

Will
    $800 19
to cross your T's & dot your I's

"Steve"
    $1000 13
(Sylvia) Plath

"Steve"
    $1000 30
six

"Steve"
    $1000 25
(Alex: Little peas.)

eat it

"Steve"
    $1000 18
the Colorado River

Will
    $1000 8
rugby

Will
    $1000 21
a pound of flesh

Will

Scores at the first commercial break (after clue 15):

Will Melissa "Steve"
$3,400 $1,200 $3,400

Scores at the end of the Jeopardy! Round:

Will Melissa "Steve"
$7,600 $3,800 $6,800

Double Jeopardy! Round responses

NAME THAT AMERICAN REVOLUTIONARY
DESIGN SQUAD
(Alex: That's the PBS series that challenges teens with scientific projects.)
FUN WITH BALLET
ANCIENT ROME
ADJECTIVES
"TEEN" ENTERTAINMENT
    $400 13
Patrick Henry

Melissa
    $400 26
transmission

"Steve"
    $400 21
elephants

"Steve"
    $400 1
Sicily

"Steve"
    $400 8
boring

Will
    $400 2
Teen Titans

"Steve"
    $800 14
John Paul Jones

Will
    $800 27
a suspension bridge

Melissa
    $800 22
Four

Will
    $800 4
the Tiber

Will
    $800 9
trivial

Will
    $800 3
the Teenage Mutant Ninja Turtles

Will
    $2,000 15
(Will: Who was Washington?)

Thomas Paine

Will
    $1200 28
(Will: What is titanium?)

tungsten

Will
Triple Stumper
    $1200 23
April

Will
    $1200 5
(Rachel: What is Caesar?)

Augustus

Melissa"Steve"
    $1200 10
sectional

Triple Stumper
    $1200 18
Confessions of a Teenage Drama Queen

"Steve"
    $1600 16
Ethan Allen

Will
    $1600 29
pitch

"Steve"
    $1600 24
Paris

Melissa
    $1600 6
plebeians

Melissa
    $1600 11
Doc

Melissa
    $1600 19
Aqua Teen Hunger Force

"Steve"
    $2000 17
Madison

"Steve"
    $2000 30
torque

Triple Stumper
    $200 25
Swan Lake

Melissa
    $2000 7
Ovid

Melissa
    $2000 12
leeward

Will
    $2000 20
Sabrina, the Teenage Witch

"Steve"

Scores at the end of the Double Jeopardy! Round:

Will Melissa "Steve"
$13,600 $13,200 $15,600

[wagering suggestions for these scores]

Final Jeopardy! Round responses

SHAKESPEAREAN HEROINES
(Alex: The play was King Lear, of course, and she was the good daughter.)
MelissaWho is Cordelia?
$13,200
WillWho is Hermione?
$12,801
"Steve"Who is Cordelia?
$13,000
Cordelia

Final scores:

Will Melissa "Steve"
$799 $26,400 $28,600
3rd place: $10,000 2nd place: $10,000 Finalist

Game dynamics:

Coryat scores:

Will Melissa "Steve"
$15,600 $15,000 $15,400
20 R,
2 W
(including 1 DD)
16 R
(including 1 DD),
0 W
20 R
(including 1 DD),
1 W

Combined Coryat: $46,000

[game clues] [game scores] [suggest correction]

Game tape date: 2008-01-15
The J! Archive is created by fans, for fans. Scraping, republication, monetization, and malicious use prohibited; this site may use cookies and collect identifying information. See terms. The Jeopardy! game show and all elements thereof, including but not limited to copyright and trademark thereto, are the property of Jeopardy Productions, Inc. and are protected under law. This website is not affiliated with, sponsored by, or operated by Jeopardy Productions, Inc. Join the discussion at JBoard.tv.